00766cam a2200229 a 450000100100000000500170001000800410002701000130006804000250008108200180010610000400012424500380016425000250020226000420022730000280026944000250029765000560032265000550037865000440043365000220047765000370049900000470220260429135247.0780711s1936 cl 000 0 spa  a37017314 aDO-SdBNPbspacBNPHU a860.09bS211p1 aSánchez, Luis Alberto,d1900-199410aPanorama de la literatura actual. a3. ed., corr. y aum. aSantiago de Chile, :bErcilla,c1936. a213 p., 1 il. ;c23 cm. 0aBiblioteca América 4aLiteratura modernaySIGLO XIXxHistoria y crítica 4aLiteratura modernaySIGLO XXxHistoria y crítica 4aLiteraturaxEnsayos, conferencias, etc. 4aCine y literatura 0aLiteraturaxHistoria y crítica